Sustainable management of soil resources in the humid tropics (Record no. 80870)
[ view plain ]
| 000 -LEADER | |
|---|---|
| fixed length control field | 01030nam a2200205 a 4500 |
| 008 - FIXED-LENGTH DATA ELEMENTS--GENERAL INFORMATION | |
| fixed length control field | 120416s1995 ||||||||||||||||| || u |
| 020 ## - INTERNATIONAL STANDARD BOOK NUMBER | |
| International Standard Book Number | 9280808761 |
| 050 ## - LIBRARY OF CONGRESS CALL NUMBER | |
| Classification number | S 596.7 Lal |
| 100 ## - MAIN ENTRY--PERSONAL NAME | |
| Personal name | Lal, Rattan |
| 245 10 - TITLE STATEMENT | |
| Title | Sustainable management of soil resources in the humid tropics |
| 260 ## - PUBLICATION, DISTRIBUTION, ETC. | |
| Place of publication, distribution, etc. | Tokyo |
| Name of publisher, distributor, etc. | United N. University Press |
| Date of publication, distribution, etc. | 1995 |
| 300 ## - PHYSICAL DESCRIPTION | |
| Extent | xvii, 146 p. : ill. |
| 350 ## - | |
| -- | 0.00 |
| 500 ## - GENERAL NOTE | |
| General note | 'UNUP-876'--T.p. verso. -Includes bibliographical references (p. [138]-146). |
| 650 ## - SUBJECT ADDED ENTRY--TOPICAL TERM | |
| Topical term or geographic name entry element | SOILS |
| 650 ## - SUBJECT ADDED ENTRY--TOPICAL TERM | |
| Topical term or geographic name entry element | SOILS - SUSTAINABLE MANAGEMENT |
| 995 ## - | |
| -- | ANNEX COLLECTION (Main Library) |
| -- | 0.00 |
| -- | 731898 |
| -- | CBU-MAIN LIBRARY (Kitwe) |
| -- | 3 |
| -- | 10.00 |
| -- | S 596.7 Lal |
| -- | 3 |
| -- | AVAILABLE |
| -- | 029144 |
| -- | Annex Low-Usage Collection |
| 995 ## - | |
| -- | MAIN LIBRARY OPEN ACCESS |
| -- | 0.00 |
| -- | 733481 |
| -- | CBU-MAIN LIBRARY (Kitwe) |
| -- | 2 |
| -- | 10.00 |
| -- | S 596.7 Lal |
| -- | 2 |
| -- | AVAILABLE |
| -- | 45270 |
| -- | Main Library Open Access Collection |
| 995 ## - | |
| -- | MAIN LIBRARY OPEN ACCESS |
| -- | 0.00 |
| -- | 734367 |
| -- | CBU-MAIN LIBRARY (Kitwe) |
| -- | 6 |
| -- | 10.00 |
| -- | S 596.7 Lal |
| -- | 6 |
| -- | AVAILABLE |
| -- | 46500 |
| -- | Main Library Open Access Collection |
| 999 ## - | |
| -- | 80870 |
| -- | 80870 |
| Withdrawn status | Lost status | Source of classification or shelving scheme | Damaged status | Not for loan | Permanent Location | Current Location | Shelving location | Date acquired | Total Checkouts | Full call number | Barcode | Date last seen | Copy number | Price effective from | Koha item type |
|---|---|---|---|---|---|---|---|---|---|---|---|---|---|---|---|
| CBU-MAIN LIBRARY, KITWE. | CBU-MAIN LIBRARY, KITWE. | 07/11/2023 | S 596.7 Lal | 029144 | 07/11/2023 | 1 | 07/11/2023 | MONOGRAPH | |||||||
| CBU-MAIN LIBRARY, KITWE. | CBU-MAIN LIBRARY, KITWE. | 07/11/2023 | S 596.7 Lal | 45270 | 07/11/2023 | 2 | 07/11/2023 | MONOGRAPH | |||||||
| CBU-MAIN LIBRARY, KITWE. | CBU-MAIN LIBRARY, KITWE. | 07/11/2023 | S 596.7 Lal | 46500 | 07/11/2023 | 3 | 07/11/2023 | MONOGRAPH |